Loading...
| Fine Arts - Classical Music | 6 | 18.33 | 100% | 83% | 0% |
| Fine Arts - Other Fine Arts | 4 | 17.50 | 100% | 50% | 25% |
| Fine Arts - Visual Fine Arts | 6 | 20.00 | 100% | 83% | 17% |
| Geography/Current Events | 2 | 15.00 | 100% | 50% | 0% |
| History - American History | 5 | 20.00 | 100% | 80% | 20% |
| History - European History | 5 | 18.00 | 100% | 60% | 20% |
| History - Other History | 7 | 15.71 | 100% | 43% | 14% |
| History - World History | 4 | 20.00 | 100% | 100% | 0% |
| Literature - American Literature | 5 | 18.00 | 100% | 60% | 20% |
| Literature - British Literature | 6 | 18.33 | 100% | 67% | 17% |
| Literature - European Literature | 4 | 22.50 | 100% | 100% | 25% |
| Literature - World/Other Literature | 3 | 20.00 | 100% | 100% | 0% |
| Mythology | 4 | 25.00 | 100% | 75% | 75% |
| Other Academic | 2 | 20.00 | 100% | 100% | 0% |
| Philosophy | 6 | 10.00 | 67% | 33% | 0% |
| Pop Culture | 1 | 10.00 | 100% | 0% | 0% |
| Religion | 5 | 16.00 | 100% | 40% | 20% |
| Science - Biology | 4 | 15.00 | 100% | 50% | 0% |
| Science - Chemistry | 6 | 18.33 | 100% | 67% | 17% |
| Science - Other Science | 6 | 18.33 | 100% | 67% | 17% |
| Science - Physics | 6 | 21.67 | 100% | 100% | 17% |
| Social Science | 4 | 12.50 | 100% | 25% | 0% |
| World/Other Literature> | 1 | 20.00 | 100% | 100% | 0% |